Košický krôčik v ústrety finále ; (vel), (sim), (jh), (ľk), (šs)

Bibliographic Details
Main Authors: (vel) (Author), (sim) (Author), (jh) (Author), (ľk) (Author), (šs) (Author)
Format: Article
Language:Slovak
Subjects:

MARC

LEADER 00000nab a2200000 a 4500
001 vtls000351673
003 SK-MaSNL
005 20260303043206.0
008 111201c1989 xo 0 slo
015 |a SNBRB19rr/mm-uuuuu 
035 |a CL0351795 
040 |a SNKBUCL  |b slo  |c SNKBUCL  |e AACR2 
041 0 |a slo 
044 |a xo  |c SK 
080 |a 796.322.093.1(437)  |2 1981 
245 0 0 |a Košický krôčik v ústrety finále ; (vel), (sim), (jh), (ľk), (šs) 
650 0 7 |a hádzaná  |2 snkbucl  |9 3292 
655 7 |a články z novín a časopisov  |2 snkbucl  |9 267496 
700 1 |a (vel)  |4 aut  |9 841123 
700 1 |a (sim)  |4 aut  |9 838485 
700 1 |a (jh)  |4 aut  |9 590393 
700 1 |a (ľk)  |4 aut  |9 874909 
700 1 |a (šs)  |4 aut  |9 860853 
773 0 |t Šport  |g Roč. 43, č. 108 (10. 5. 1989), s. 2 
850 |a Slovenská národná knižnica v Martine  |a MTA001 
852 |a SNK  |b KIS3GCP 
958 |a RK 
992 |a RBX 
999 |c 1695828  |d 1697758